| 000 | 01487nam0a22003131 4500 | ||
|---|---|---|---|
| 001 | rc\4952134 | ||
| 005 | 20130426163027.8 | ||
| 021 |
_aRU _b[68-19603] |
||
| 035 | _a(NLR Aleph) 008953619 | ||
| 090 |
_a9019170 _c9019170 |
||
| 100 | _a20130426d1968 |||y0rusy50 ca | ||
| 101 | 0 | _arus | |
| 102 | _aRU | ||
| 105 | _aa z ||||| | ||
| 200 | 1 |
_aТрудовое обучение в сельской школе _fПод ред. К.А. Ивановича и А.Е. Ставровского _gАкад. пед. наук СССР. Науч.-исслед. ин-т производ. обучения. Калуж. обл. ин-т усовершенствования учителей |
|
| 210 |
_aКалуга _c[Приок. кн. изд-во] _d1968 |
||
| 215 |
_a143 с. _cил. _d22 |
||
| 300 | _aАвт. частей и разделов: К.А. Иванович, А.Е. Ставровский, А.А. Шибанов и др. | ||
| 320 | _aБиблиогр. в конце частей и разделов | ||
| 606 |
_aТрудовое воспитание в сельской школе _2psbo |
||
| 701 | 1 |
_aСтавровский _bА. Е. _4340 |
|
| 701 | 1 |
_aШибанов _bА. А. |
|
| 701 | 1 |
_aИванович _bК. А. _gКорнелий Агафонович _4340 |
|
| 712 | 0 | 2 |
_aИнститут произв. обучения _cМосква _3RU\NLR\AUTH\8810014708 |
| 801 | 0 |
_aRU _bNLR _gpsbo |
|
| 801 | 1 |
_aRU _bELAR _2rusmarc |
|
| 852 |
_aNLR _j68-5/1601 |
||
| 942 | _cBOOK | ||
| 980 | _aNB | ||